02092nab a2200253uuc4500001000800000005001700008008004100025035001200066040001300078041000800091100005200099245012700151520112800278650003601406650003701442650003701479650002401516700004801540700004901588700005701637773011501694942001001809999001901819134947620240202113049.0131112e20130701 spa  a1349476 ccomduadb aspa10aGonzález Galbán, Humberto4auteaut961508610aDiseño y aplicación en Cuba de un constructo para identificar dimensiones sociales de la discriminación por VIH/sida3 aObjetivo. Diseñar un instrumento que permita identificar dimensiones sociales de la discriminación contra las perso- nas con VIH y mostrar su aplicación en Cuba. Material y métodos. Combinación de metodología cualitativa y cuanti- tativa para la operacionalización de un constructo; inserción del instrumento en las encuestas de prevención del VIH aplicadas en Cuba en 2005, 2006 y 2009 y desarrollo de las técnicas estadísticas de análisis factorial y de las K-medias, para conocer dimensiones sociales de la discriminación. Resultados. Se construyó un instrumento que permitió obtener un diagnóstico sobre las actitudes discriminatorias más frecuentes contra las personas con VIH en el ámbito de la vida social cotidiana de los cubanos, clasificar dicha población según niveles de actitudes discriminatorias y co- nocer algunas de las dimensiones sociales de este fenómeno. Conclusiones. Es posible disponer de una herramienta que posibilite dictaminar actitudes discriminatorias en una po- blación determinada, focalizar acciones y evaluar tendencias sobre su comportamiento. aDiscriminación social9119465 7aInfecciones por VIH2lemb950349 aSIDA - Aspectos sociales9159386 aSIDA - Cuba918139510aIglesias Linares, Mildred4auteaut968120210aMena Martínez,, Mercedes4auteaut969048210aBojórquez Chapela, Ietza Rocío4auteaut96808930 tSalud Pública de México (México)gVol. 55, No. 04, Jul.-Ago. 2013, p. 399-407w356363x0036-36340112116 cARIMP c661806d661806